000 00445nam a2200181Ia 4500
001 3213
005 20260306144904.0
008 260306t2009||||xx |||||||||||||| ||spa||
041 _aESP
082 _a262.4
_bP644
100 _aPhilippe, Jacques
_eAUT
245 0 _aEl tiempo para Dios:
_bguía para la vida de oración
260 _c2009
300 _a127 páginas :
_c20 cm.
650 _aGEN
654 _aCHU
942 _cLIB
_dJUS
_fJUS
_2ddc
_n
999 _c3213
_d3213